Valve Games - Sudden Death - Statistics

General Stats
  • This quiz has been taken 82 times
  • The average score is 6 of 10
Answers on the Grid
Answers color-coded by a green-red scale on the quiz's grid according to % correct below.
Hitman
Portal
Neon White
Alien Swarm
Rocket League
Team Fortress
Minecraft
Overwatch
Half-Life
Artifact
Hunt Down the Freeman
Counter-Strike
Black Mesa
Dota 2
Left 4 Dead
Deadlock
League of Legends
Resident Evil
G-Force
Day of Defeat
 
Answer Stats
Answer % Correct
Portal
92%
Team Fortress
80%
Counter-Strike
78%
Half-Life
75%
Left 4 Dead
71%
Dota 2
65%
Day of Defeat
51%
Deadlock
49%
Artifact
39%
Alien Swarm
33%
No matching quizzes found
Score Distribution
Percent of People with Each Score
Percentile by Number Answered
Your Score History
You have not taken this quiz